The Essential guide to Dreamweaver CS4 With CSS, Ajax, and PHP / (Record no. 22769)
[ view plain ]
| 000 -LEADER | |
|---|---|
| fixed length control field | 02176cam a22003615a 4500 |
| 001 - CONTROL NUMBER | |
| control field | 16748400 |
| 005 - DATE AND TIME OF LATEST TRANSACTION | |
| control field | 20161022131246.0 |
| 008 - FIXED-LENGTH DATA ELEMENTS--GENERAL INFORMATION | |
| fixed length control field | 110423t2009 caua fr 001 0 eng d |
| 010 ## - LIBRARY OF CONGRESS CONTROL NUMBER | |
| LC control number | 2011281703 |
| 020 ## - INTERNATIONAL STANDARD BOOK NUMBER | |
| International Standard Book Number | 9781430216100 (pbk.) |
| 020 ## - INTERNATIONAL STANDARD BOOK NUMBER | |
| International Standard Book Number | 1430216107 (pbk.) |
| 035 ## - SYSTEM CONTROL NUMBER | |
| System control number | (OCoLC)ocn262883195 |
| 040 ## - CATALOGING SOURCE | |
| Original cataloging agency | BTCTA |
| Language of cataloging | eng |
| Transcribing agency | BTCTA |
| Modifying agency | YDXCP |
| -- | GO4 |
| -- | BWX |
| -- | IXA |
| -- | SAP |
| -- | DLC |
| -- | EG-ScBUE |
| 082 04 - DEWEY DECIMAL CLASSIFICATION NUMBER | |
| Classification number | 006.786 |
| Item number | POW |
| Edition number | 22 |
| 100 1# - MAIN ENTRY--PERSONAL NAME | |
| Personal name | Powers, David. |
| 245 14 - TITLE STATEMENT | |
| Title | The Essential guide to Dreamweaver CS4 With CSS, Ajax, and PHP / |
| Statement of responsibility, etc | David Powers. |
| 246 3# - VARYING FORM OF TITLE | |
| Title proper/short title | Dreamweaver CS4 With CSS, Ajax, and PHP |
| 260 ## - PUBLICATION, DISTRIBUTION, ETC. (IMPRINT) | |
| Place of publication, distribution, etc | [Berkeley] : |
| Name of publisher, distributor, etc | Friends of Ed ; |
| Place of publication, distribution, etc | New York : |
| Name of publisher, distributor, etc | Distributed by Springer-Verlag New York, |
| Date of publication, distribution, etc | c.2009. |
| 300 ## - PHYSICAL DESCRIPTION | |
| Extent | xxvii, 942 p. : |
| Other physical details | ill. ; |
| Dimensions | 23 cm. |
| 490 0# - Series Statement | |
| Series statement | Friends of ED Adobe learning library |
| 500 ## - GENERAL NOTE | |
| General note | "Completely revised and updated for CS4"--Cover. |
| 500 ## - GENERAL NOTE | |
| General note | Includes index. |
| 505 0# - FORMATTED CONTENTS NOTE | |
| Formatted contents note | Dreamweaver's new look : more than skin deep -- Setting up a site in Dreamweaver -- Creating a web page and adding content -- Using CSS to add a touch of style -- Creating a CSS site straight out of the box -- Building site navigation with the Spry menu bar -- Using Spry dynamic effects and components -- Going beyond the basics with Spry and Ajax -- Building online forms and validating input -- Introducing the basics of PHP -- Using PHP to process a form -- Reducing your workload with PHP includes -- Preserving design integrity with templates and InContext editing -- Storing user records in a database -- Validating database input and user authentication -- Working with custom forms and multiple tables -- Handling checkbox groups, searches, and dates -- Using XSLT to display live news feeds and XML -- Using Spry data sets to refresh content -- Deploying your site on the Internet. |
| 630 00 - SUBJECT ADDED ENTRY--UNIFORM TITLE | |
| Uniform title | Dreamweaver (Computer file) |
| 650 #0 - SUBJECT ADDED ENTRY--TOPICAL TERM | |
| Topical term or geographic name as entry element | PHP (Computer program language) |
| Source of heading or term | BUEsh |
| 650 #0 - SUBJECT ADDED ENTRY--TOPICAL TERM | |
| Topical term or geographic name as entry element | Ajax (Web site development technology) |
| Source of heading or term | BUEsh |
| 650 #0 - SUBJECT ADDED ENTRY--TOPICAL TERM | |
| Topical term or geographic name as entry element | Cascading style sheets. |
| Source of heading or term | BUEsh |
| 650 #0 - SUBJECT ADDED ENTRY--TOPICAL TERM | |
| Topical term or geographic name as entry element | Web site development. |
| Source of heading or term | BUEsh |
| 651 ## - SUBJECT ADDED ENTRY--GEOGRAPHIC NAME | |
| Source of heading or term | BUEsh |
| 653 ## - INDEX TERM--UNCONTROLLED | |
| Resource For college | Communication and mass media |
| -- | Informatics and Computer Science |
| Arrived date list | October2016 |
| 655 ## - INDEX TERM--GENRE/FORM | |
| Form subdivision | Reading book |
| -- | 34232 |
| 942 ## - ADDED ENTRY ELEMENTS (KOHA) | |
| Source of classification or shelving scheme | Dewey Decimal Classification |
| Withdrawn status | Item status | Source of classification or shelving scheme | Damaged status | Not for loan | Vendor | Home library | Current library | Shelving location | Date acquired | Source of acquisition | Cost, normal purchase price | Total Checkouts | Total Renewals | Full call number | Barcode | Date last seen | Date last borrowed | Koha item type |
|---|---|---|---|---|---|---|---|---|---|---|---|---|---|---|---|---|---|---|
| Dewey Decimal Classification | Baccah | Central Library | Central Library | Lower Floor | 22/10/2016 | Purchase | 420.00 | 1 | 7 | 006.786 POW | 000034400 | 15/07/2025 | 09/11/2017 | Book - Borrowing | ||||
| Dewey Decimal Classification | Baccah | Central Library | Central Library | Lower Floor | 22/10/2016 | Purchase | 420.00 | 006.786 POW | 000034401 | 15/07/2025 | Book - Borrowing |